Cartas a Piérola, sobre la ocupación chilena de Lima
Salvato in:
| Autore principale: | |
|---|---|
| Natura: | Libro |
| Lingua: | spagnolo |
| Pubblicazione: |
Lima
Milla Batres
1964
|
| Soggetti: | |
| Tags: |
Aggiungi Tag
Nessun Tag, puoi essere il primo ad aggiungerne!!
|
MARC
| LEADER | 00000nam a2200000 a 4500 | ||
|---|---|---|---|
| 001 | UCS2618 | ||
| 003 | CL-VaPUC | ||
| 005 | 20230124122227.0 | ||
| 008 | 970604e19640000PE |||||||||||||||||spa|d | ||
| 999 | |c 260561 |d 260559 | ||
| 040 | |c Pontificia Universidad Católica de Valparaíso | ||
| 082 | 0 | 4 | |a 985.061 |b PAL |2 21 |
| 100 | |a Palma, Ricardo |e autor |9 352070 | ||
| 245 | 1 | 0 | |a Cartas a Piérola, sobre la ocupación chilena de Lima |
| 260 | |a Lima |b Milla Batres |c 1964 | ||
| 300 | |a 140 p | ||
| 583 | |a last modification |c 19970604 00:00:00 |k Rodrigo Vera | ||
| 600 | |a Piérola, Nicolás de |d 1839-1913 |9 880096 | ||
| 650 | 0 | |a Historia |9 255047 | |
| 650 | 0 | |a Guerra |9 255876 | |
| 650 | 7 | |a PAISES DEVASTADOS POR LA GUERRA |2 CL-VaPUC |9 344327 | |
| 650 | 0 | |a Conflicto internacional |9 341259 | |
| 651 | 0 | |a Perú |9 256567 | |
| 651 | 7 | |a CHILE |2 CL-VaPUC |9 388249 | |
| 942 | |c BK |2 ddc | ||
| 945 | |d 19970604 00:00:00 |a paguirre | ||
| 952 | |0 0 |1 0 |4 0 |6 985_061000000000000_PAL_1964 |7 0 |8 DER_HDC |9 286775 |a BIBDER |b BIBDER |d 2019-11-19 |i 1861948 |o 985.061 PAL 1964 |p 1861948 |r 2023-01-25 |w 2019-11-19 |x Ubicación 4to Piso |y BK |z Estos recursos deben solicitarse con anticipación |k DER | ||